| 000 | 00589nam a22002177a 4500 | ||
|---|---|---|---|
| 003 | OSt | ||
| 005 | 20160907134728.0 | ||
| 008 | 160907b xxu||||| |||| 00| 0 eng d | ||
| 020 | _a9780716770411 | ||
| 020 | _a076770415 | ||
| 040 | _cDDC. | ||
| 082 | _a543HAR 2007. | ||
| 100 |
_aHarris,C.Daniel; _911016 |
||
| 245 | _aQualitative Chemical analysis; | ||
| 250 | _a7th ed | ||
| 260 |
_aNew York. _bW.H Freeman and company. _c2007. |
||
| 300 |
_axvii,121p; _bcol,ill; _c27cm. |
||
| 504 | _aAnswers and index are included. | ||
| 650 |
_aChemical analysis, _911017 |
||
| 942 |
_2ddc _cO_SHELF |
||
| 999 |
_c5166 _d5166 |
||